000 00698nam a2200205 i 4500
001 141587
003 ES-MaACL
005 20250819063102.0
007 t|
008 070925s1935 fr ||||1| fre d
100 1 _aVilley, Pierre,
_d1879-1933
_9115258
245 1 0 _aMontaigne devant la posterité /
_cPierre Villey.
260 _aParis :
_bBoivin,
_c1935 (
_fFirmin Didot)
300 _aX, 376 p. ;
_c19 cm.
490 1 _aBibliothèque de la Revue des cours et conférences
600 1 4 _aMontaigne, Michel de-
_xCrítica e interpretación.
_982330
830 0 _aBibliothèque de la Revue des cours et conférences
_9187217
852 _aES-MaACL
_jA-3867
999 _c141587
_d141587